50 Flicks to Click (1996) Quiz Stats

 Plays Quiz Updated May 14, 2018

Score 0/50 Timer 07:00
10 Plays Today
% Correct
Day
96.2%
Romeo
96.1%
Mission
96%
Dalmatians
95.9%
Hunchback
95.8%
Standing
95.4%
Dusk
95%
Nutty
94.8%
Maguire
94.6%
Guy
93.9%
Peach
93.6%
Ducks
93.2%
Space
93%
Thing
92.9%
Mars
91%
Wife
90.4%
Gilmore
90.1%
English
89.8%
Fine
89.2%
One
89%
Kiss
88.7%
People
87.6%
First
87.6%
Flirting
86.2%
Fear
86%
% Correct
Bed
85.8%
Wives
85.4%
Time
84.5%
Cup
84.5%
Fly
83.2%
Arrow
82.4%
Sgt.
82.3%
Harriet
82.1%
Jingle
81.2%
Wire
80.2%
Blade
80%
L.A.
79.1%
Courage
77.9%
Michael
77.1%
America
76.9%
Mirror
74.5%
Island
73%
Gillian
71.9%
Bottle
70.8%
Muppet
69.8%
Room
60.8%
White
59.6%
Ghost
52.9%
Stealing
51.8%
Night
47.7%

You're not logged in!

Compare scores with friends on all Sporcle quizzes.
OR
Log In

You Might Also Like...

Show Comments

Extras

Top Quizzes Today


Score Distribution

Your Account Isn't Verified!

In order to create a playlist on Sporcle, you need to verify the email address you used during registration. Go to your Sporcle Settings to finish the process.

Report this User

Report this user for behavior that violates our Community Guidelines.

Details: